Movies With David Bowie- Sudden Death - Statistics

General Stats
  • This quiz has been taken 64 times
  • The average score is 6 of 12
Answers on the Grid
Answers color-coded by a green-red scale on the quiz's grid according to % correct below.
Zoolander
The Labyrinth
The Prestige
Twin Peaks: Fire Walk With Me
Yellowbeard
The Man Who Fell to Earth
Merry Christmas, Mr Lawrence
The Hunger
The Last Temptation Of Christ
Just A Gigolo
Basquiat
Titanic
The Muppets Movie
Night at the Museum
Office Space
Fantastic Planet
Nightmare Before Christmas
Bill and Ted
Monty Python
Wayne's World
Forrest Gump
The Truman Show
Toy Story
Space Jam
Bandslam
 
Answer Stats
Answer % Correct
The Labyrinth
91%
The Man Who Fell to Earth
80%
Merry Christmas, Mr Lawrence
68%
The Prestige
55%
The Hunger
52%
Basquiat
48%
Zoolander
48%
Twin Peaks: Fire Walk With Me
45%
Just A Gigolo
43%
The Last Temptation Of Christ
36%
Yellowbeard
27%
Bandslam
25%
No matching quizzes found
Score Distribution
Percent of People with Each Score
Percentile by Number Answered
Your Score History
You have not taken this quiz